Vývoj cien a ich vplyv na životnú úroveň obyvateľstva Príloha Hospodárskych novín
Vplyv výrazného zvýšenia cien predmetov životných potrieb a služieb (nedostatočne eliminovaného rastom príjmov) na životnú úroveň obyvateľov Slovenska v posledných rokoch.
Na minha lista:
| Formato: | Capítulo de Livro |
|---|---|
| Idioma: | eslovaco |
| Assuntos: | |
| Tags: |
Sem tags, seja o primeiro a adicionar uma tag!
|
MARC
| LEADER | 00000naa a2200000 4500 | ||
|---|---|---|---|
| 001 | r022362 | ||
| 005 | 20230801104345.6 | ||
| 041 | 0 | |a slo | |
| 044 | |a SK | ||
| 245 | 1 | 0 | |a Vývoj cien a ich vplyv na životnú úroveň obyvateľstva |b Príloha Hospodárskych novín |
| 520 | |a Vplyv výrazného zvýšenia cien predmetov životných potrieb a služieb (nedostatočne eliminovaného rastom príjmov) na životnú úroveň obyvateľov Slovenska v posledných rokoch. | ||
| 610 | 2 | 0 | |a Slovensko |
| 610 | 2 | 0 | |a 1995 |
| 610 | 2 | 0 | |a 1996 |
| 610 | 2 | 0 | |a ceny spotrebiteľské |
| 610 | 2 | 0 | |a úroveň životná |
| 610 | 2 | 0 | |a rast hospodársky |
| 610 | 2 | 0 | |a zvyšovanie cien |